000 00441nam a2200169 a 4500
001 0000-9286
003 ELIB.Books
008 110520 1988
035 _a(ELIB.Books)0000-9438
082 _a230.082
_bBri
100 _aBristow, John Temple
245 _aWhat Paul Really Said About Women
260 _bNew York: Harper San Francisco
_c1988
650 _aTheology
942 _2ddc
_cBK
998 _cbat
_e2011-05-20
999 _c9286
_d9286